Public-private partnerships in the USA (Record no. 12753)

MARC details
000 -LEADER
fixed length control field 01832cam a2200349Ia 4500
001 - CONTROL NUMBER
control field 9780203387726
003 - CONTROL NUMBER IDENTIFIER
control field BD-DhSAU
005 - DATE AND TIME OF LATEST TRANSACTION
control field 20151012151721.0
006 - FIXED-LENGTH DATA ELEMENTS--ADDITIONAL MATERIAL CHARACTERISTICS
fixed length control field a|||||s|||||||||||
007 - PHYSICAL DESCRIPTION FIXED FIELD--GENERAL INFORMATION
fixed length control field cr||||
008 - FIXED-LENGTH DATA ELEMENTS--GENERAL INFORMATION
fixed length control field 130729s2013 nyu sb 001 0 eng d
020 ## - INTERNATIONAL STANDARD BOOK NUMBER
International Standard Book Number 9780203387726 (e-book : PDF)
040 ## - CATALOGING SOURCE
Original cataloging agency BD-DhSAU
Transcribing agency BD-DhSAU
043 ## - GEOGRAPHIC AREA CODE
Geographic area code n-us---
-- e-uk---
090 ## - LOCALLY ASSIGNED LC-TYPE CALL NUMBER (OCLC); LOCAL CALL NUMBER (OCLC)
Classification number (OCLC) (R) ; Classification number, CALL (RLIN) (NR) HD3872.U6
Local cutter number (OCLC) ; Book number/undivided call number, CALL (RLIN) .W35 2013
092 ## - LOCALLY ASSIGNED DEWEY CALL NUMBER (OCLC)
Classification number 338.8
Item number W187
100 1# - MAIN ENTRY--PERSONAL NAME
Personal name Wall, Tony.
245 10 - TITLE STATEMENT
Title Public-private partnerships in the USA
Medium [electronic resource] :
Remainder of title lessons to be learned for the United Kingdom /
Statement of responsibility, etc. Anthony Wall.
260 ## - PUBLICATION, DISTRIBUTION, ETC. (IMPRINT)
Place of publication, distribution, etc. New York :
Name of publisher, distributor, etc. Routledge,
Date of publication, distribution, etc. 2013.
300 ## - PHYSICAL DESCRIPTION
Extent viii, 137 p.
490 1# - SERIES STATEMENT
Series statement Routledge critical studies in public management ;
Volume/sequential designation 11
504 ## - BIBLIOGRAPHY, ETC. NOTE
Bibliography, etc Includes bibliographical references (p. [119]-133) and index.
505 0# - FORMATTED CONTENTS NOTE
Formatted contents note 1. Introduction -- 2. Background to public-private partnerships -- 3. Public-private partnerships in the USA, part I : Introduction, local authorities and urban regeneration -- 4. Public-private partnerships in the USA, part II : Transportation and infrastructure -- 5. Public-private partnerships in the USA, part III : Health and education -- 6. Public-private partnerships in the USA, part IV : Other sectors -- 7. The views of key stakeholders -- 8. Public-private partnerships in operation -- 9. Conclusions and areas for further research.
530 ## - ADDITIONAL PHYSICAL FORM AVAILABLE NOTE
Additional physical form available note Also available in print edition.
538 ## - SYSTEM DETAILS NOTE
System details note Mode of access: World Wide Web.
650 #0 - SUBJECT ADDED ENTRY--TOPICAL TERM
Topical term or geographic name as entry element Public-private sector cooperation
Geographic subdivision United States.
650 #0 - SUBJECT ADDED ENTRY--TOPICAL TERM
Topical term or geographic name as entry element Public-private sector cooperation
Geographic subdivision Great Britain.
655 #7 - INDEX TERM--GENRE/FORM
Genre/form data or focus term Electronic books.
Source of term lcsh
776 1# - ADDITIONAL PHYSICAL FORM ENTRY
International Standard Book Number 9780415818797 (alk. paper)
830 #0 - SERIES ADDED ENTRY--UNIFORM TITLE
Uniform title Routledge critical studies in public management ;
Volume number/sequential designation 11.
856 40 - ELECTRONIC LOCATION AND ACCESS
Uniform Resource Identifier <a href="http://www.tandfebooks.com/isbn/9780203387726">http://www.tandfebooks.com/isbn/9780203387726</a>

No items available.